[Event "Ruhrgebiet Verbandsliga Gruppe 2 1819"]
[Site "Nordrheinwestfalen"]
[Date "2018.10.07"]
[Round "2.6"]
[White "Brieger, Sebastian"]
[Black "Sauer, Bernd"]
[Result "0-1"]
[WhiteElo "1762"]
[BlackElo "1902"]
[PlyCount "58"]
[EventDate "2018.09.23"]
[EventType "team-tourn"]
[EventRounds "9"]
[EventCountry "GER"]
[SourceTitle "EXT 2022"]
[Source "ChessBase"]
[SourceDate "2021.10.06"]
[SourceVersion "1"]
[SourceVersionDate "2021.10.06"]
[SourceQuality "1"]
[WhiteTeam "Hamm SV"]
[BlackTeam "Essen Katernberg III"]
[WhiteTeamCountry "GER"]
[BlackTeamCountry "GER"]

1. e4 c6 2. d4 d5 3. Nc3 dxe4 4. Nxe4 Nf6 5. Nxf6+ exf6 6. c3 Bd6 7. Bd3 0-0 8. Be3 Re8 9. Ne2 Nd7 10. 0-0 Qc7 11. h3 Nf8 12. Qc2 Bd7 13. c4 Ng6 14. Nc3 Rad8 15. Rad1 Qc8 16. Bc1 Bb8 17. Ne4 Bxh3 18. gxh3 Qxh3 19. f4 Rxd4 20. Qe2 Rdd8 21. Qg2 Rxd3 22. Qxh3 Rxh3 23. Kg2 Rh4 24. Kg3 f5 25. Nd6 Rg4+ 26. Kh3 Bxd6 27. Rxd6 h5 28. Rd7 Re2 29. Rxb7 Rh4+ 0-1

[Event "Ruhrgebiet Verbandsklasse Gruppe 1 1718"]
[Site "Germany"]
[Date "2017.10.08"]
[Round "2.7"]
[White "Brieger, Sebastian"]
[Black "Ebert, Manfred"]
[Result "1/2-1/2"]
[WhiteElo "1670"]
[BlackElo "1900"]
[PlyCount "63"]
[EventDate "2017.09.17"]
[EventType "team-tourn"]
[EventRounds "9"]
[EventCountry "GER"]
[SourceTitle "EXT 2022"]
[Source "ChessBase"]
[SourceDate "2021.10.06"]
[SourceVersion "1"]
[SourceVersionDate "2021.10.06"]
[SourceQuality "1"]
[WhiteTeam "Hamm SV II"]
[BlackTeam "Buer SF"]
[WhiteTeamCountry "GER"]
[BlackTeamCountry "GER"]

1. e4 g6 2. d4 Bg7 3. Nf3 d6 4. h3 Nc6 5. Be3 e5 6. Bb5 Bd7 7. d5 Nce7 8. Bxd7+ Qxd7 9. c4 h6 10. Nc3 f5 11. Qb3 c6 12. Rd1 c5 13. Qc2 b6 14. a3 Nf6 15. Nh2 0-0 16. f3 f4 17. Bf2 g5 18. b4 h5 19. bxc5 bxc5 20. Ke2 g4 21. hxg4 hxg4 22. Nf1 Rab8 23. Rb1 Rxb1 24. Qxb1 Qc7 25. Nb5 Qb6 26. Qc2 Rb8 27. Nd2 g3 28. Be1 Nd7 29. Kd3 Nc8 30. Nb1 a6 31. N5c3 Kf7 32. Bd2 1/2-1/2

[Event "Ruhrgebiet Verbandsliga Gruppe 2 1516"]
[Site "Germany"]
[Date "2015.09.06"]
[Round "1.8"]
[White "Buechle, Regina"]
[Black "Brieger, Sebastian"]
[Result "1/2-1/2"]
[WhiteElo "1764"]
[BlackElo "1563"]
[PlyCount "48"]
[EventDate "2015.09.06"]
[EventType "team-tourn"]
[EventRounds "9"]
[EventCountry "GER"]
[SourceTitle "EXT 2022"]
[Source "ChessBase"]
[SourceDate "2021.10.06"]
[SourceVersion "1"]
[SourceVersionDate "2021.10.06"]
[SourceQuality "1"]
[WhiteTeam "Wattenscheid SV III"]
[BlackTeam "Hamm SV"]
[WhiteTeamCountry "GER"]
[BlackTeamCountry "GER"]

1. d4 Nf6 2. Nf3 e6 3. c4 b6 4. Nc3 Bb4 5. Bg5 h6 6. Bxf6 Qxf6 7. e4 Bb7 8. Bd3 c5 9. 0-0 Bxc3 10. bxc3 0-0 11. Qb3 d6 12. a4 Nc6 13. d5 Na5 14. Qc2 e5 15. Nd2 Qg5 16. Rae1 Bc8 17. Kh1 f5 18. exf5 Bxf5 19. Bxf5 Qxf5 20. Qxf5 Rxf5 21. f3 Rb8 22. g3 g5 23. Kg2 Kg7 24. Re4 Re8 1/2-1/2

[Event "Ruhrgebiet Bezirksliga 15/16"]
[Site "Ruhrgebiet"]
[Date "2015.08.30"]
[Round "1.5"]
[White "Brieger, Sebastian"]
[Black "Wolf, Wolfgang"]
[Result "1/2-1/2"]
[WhiteElo "1563"]
[BlackElo "1665"]
[PlyCount "60"]
[EventDate "2015.08.30"]
[EventType "team-tourn"]
[EventRounds "9"]
[EventCountry "GER"]
[SourceTitle "EXT 2022"]
[Source "ChessBase"]
[SourceDate "2021.10.06"]
[SourceVersion "1"]
[SourceVersionDate "2021.10.06"]
[SourceQuality "1"]
[WhiteTeam "Hamm SVg II"]
[BlackTeam "Werl SC 1981"]
[WhiteTeamCountry "GER"]
[BlackTeamCountry "GER"]

1. e4 e5 2. Nf3 d6 3. d4 exd4 4. Nxd4 Nf6 5. Nc3 Be7 6. Bc4 0-0 7. 0-0 c5 8. Nde2 h6 9. Nf4 a6 10. a4 Nc6 11. f3 Ne5 12. Ba2 Bd7 13. Be3 Re8 14. a5 Bf8 15. Ncd5 Bc6 16. Nb6 Rb8 17. Nfd5 Ned7 18. Bf4 Nxb6 19. Nxb6 Nh5 20. Be3 Nf6 21. Qd2 Qe7 22. Rfd1 Rbd8 23. Nd5 Nxd5 24. Bxd5 g5 25. Qe2 Bxd5 26. Rxd5 Bg7 27. c3 Be5 28. Qc4 Qe6 29. Qd3 Qe7 30. Rd1 Rc8 1/2-1/2